<?xml version="1.0" encoding="UTF-8"?>
<record
    xmlns:xsi="http://www.w3.org/2001/XMLSchema-instance"
    xsi:schemaLocation="http://www.loc.gov/MARC21/slim http://www.loc.gov/standards/marcxml/schema/MARC21slim.xsd"
    xmlns="http://www.loc.gov/MARC21/slim">

  <leader>01595nam a22003617a 4500</leader>
  <controlfield tag="003">DO-SdBNP</controlfield>
  <controlfield tag="005">20230524120256.0</controlfield>
  <controlfield tag="007">ta</controlfield>
  <controlfield tag="008">940222s2013 dr a   j   000 0 spa d</controlfield>
  <datafield tag="020" ind1=" " ind2=" ">
    <subfield code="a">9789945465150 </subfield>
  </datafield>
  <datafield tag="020" ind1=" " ind2=" ">
    <subfield code="a">9789945465464 (v. 4)</subfield>
  </datafield>
  <datafield tag="040" ind1=" " ind2=" ">
    <subfield code="a">DO-SdBNP</subfield>
    <subfield code="b">spa</subfield>
    <subfield code="c">BPMSU</subfield>
  </datafield>
  <datafield tag="082" ind1=" " ind2="4">
    <subfield code="a">808.83</subfield>
    <subfield code="b">C965v 2013</subfield>
    <subfield code="2">22</subfield>
  </datafield>
  <datafield tag="245" ind1="0" ind2="0">
    <subfield code="a">Cuentos de valores para campeones /</subfield>
    <subfield code="c">compilaci&#xF3;n Josefina Jim&#xE9;nez ; ilustraciones Guillermo Nolasco </subfield>
  </datafield>
  <datafield tag="246" ind1="1" ind2="4">
    <subfield code="a">Cuentos de valores para campeon@s</subfield>
  </datafield>
  <datafield tag="260" ind1=" " ind2=" ">
    <subfield code="a">Santo Domingo:</subfield>
    <subfield code="b">Ediciones CP,</subfield>
    <subfield code="c">2013.</subfield>
  </datafield>
  <datafield tag="300" ind1=" " ind2=" ">
    <subfield code="a">4 v. :</subfield>
    <subfield code="b">il. ;</subfield>
    <subfield code="c">21 cm.</subfield>
  </datafield>
  <datafield tag="490" ind1="0" ind2=" ">
    <subfield code="a">Cuentos universales</subfield>
  </datafield>
  <datafield tag="500" ind1=" " ind2=" ">
    <subfield code="a"> </subfield>
  </datafield>
  <datafield tag="505" ind1="0" ind2=" ">
    <subfield code="g">v. 1: </subfield>
    <subfield code="t">Valor: bondad --</subfield>
    <subfield code="t">Valor: honestidad --</subfield>
    <subfield code="t">Valor: respeto --</subfield>
    <subfield code="t">Valor: responsabilidad --</subfield>
    <subfield code="t">Valor: agradecimiento --</subfield>
    <subfield code="t">Valor: amabilidad --</subfield>
    <subfield code="t">Valor: obediencia --</subfield>
    <subfield code="t">Valor: generosidad /</subfield>
  </datafield>
  <datafield tag="505" ind1="0" ind2=" ">
    <subfield code="g">v. 2 :</subfield>
    <subfield code="t">Valor: servicio / colaboraci&#xF3;n --</subfield>
    <subfield code="t">Valor: valent&#xED;a --</subfield>
    <subfield code="t">Valor: amistad --</subfield>
    <subfield code="t">Valor: perd&#xF3;n /</subfield>
  </datafield>
  <datafield tag="505" ind1="0" ind2=" ">
    <subfield code="g">v. 3 :</subfield>
    <subfield code="t">Actitud positiva --</subfield>
    <subfield code="t">Tolerancia --</subfield>
    <subfield code="t">Humildad --</subfield>
    <subfield code="t">Valent&#xED;a --</subfield>
    <subfield code="t">Amor --</subfield>
    <subfield code="t">Responsabilidad --</subfield>
    <subfield code="t">Optimismo --</subfield>
    <subfield code="t">Autoestima /</subfield>
  </datafield>
  <datafield tag="505" ind1="0" ind2=" ">
    <subfield code="g">v. 4 :</subfield>
    <subfield code="t">Paciencia --</subfield>
    <subfield code="t">Honestidad --</subfield>
    <subfield code="t">Colaboraci&#xF3;n --</subfield>
    <subfield code="t">Perd&#xF3;n --</subfield>
    <subfield code="t">Fidelidad --</subfield>
    <subfield code="t">Bondad --</subfield>
    <subfield code="t">Prudencia /</subfield>
  </datafield>
  <datafield tag="590" ind1=" " ind2=" ">
    <subfield code="a">Inventariado, 2022 / YL</subfield>
  </datafield>
  <datafield tag="650" ind1=" " ind2="4">
    <subfield code="a">Cuentos infantiles </subfield>
    <subfield code="v">Coleccioens </subfield>
  </datafield>
  <datafield tag="650" ind1=" " ind2="4">
    <subfield code="a">Animales </subfield>
    <subfield code="v">Cuentos infantiles </subfield>
  </datafield>
  <datafield tag="650" ind1=" " ind2="4">
    <subfield code="a">Valores sociales </subfield>
    <subfield code="v">Cuentos infantiles. </subfield>
  </datafield>
  <datafield tag="700" ind1="1" ind2=" ">
    <subfield code="a">Jim&#xE9;nez, Josefina</subfield>
    <subfield code="e">Comp.</subfield>
  </datafield>
  <datafield tag="700" ind1="1" ind2=" ">
    <subfield code="a">Nolasco, Guillermo</subfield>
    <subfield code="e">il.</subfield>
  </datafield>
  <datafield tag="700" ind1="1" ind2=" ">
    <subfield code="a">V&#xED;ctor Manuel</subfield>
    <subfield code="e">il.</subfield>
  </datafield>
  <datafield tag="910" ind1=" " ind2=" ">
    <subfield code="a"> VMateo V. Control de calidad (BPMSU)</subfield>
  </datafield>
  <datafield tag="942" ind1=" " ind2=" ">
    <subfield code="2">ddc</subfield>
    <subfield code="c">BK</subfield>
  </datafield>
  <datafield tag="952" ind1=" " ind2=" ">
    <subfield code="0">0</subfield>
    <subfield code="1">0</subfield>
    <subfield code="2">ddc</subfield>
    <subfield code="4">0</subfield>
    <subfield code="7">0</subfield>
    <subfield code="8">CI-D</subfield>
    <subfield code="a">BPMET</subfield>
    <subfield code="b">BPMET</subfield>
    <subfield code="d">2023-05-24</subfield>
    <subfield code="e">Ministerio de Cultura </subfield>
    <subfield code="o">BPMSU CDI 808.83 C965v 2013</subfield>
    <subfield code="p">BPMSU23050013</subfield>
    <subfield code="r">2023-05-24</subfield>
    <subfield code="t">v.1</subfield>
    <subfield code="w">2023-05-24</subfield>
    <subfield code="y">BK</subfield>
  </datafield>
  <datafield tag="952" ind1=" " ind2=" ">
    <subfield code="0">0</subfield>
    <subfield code="1">0</subfield>
    <subfield code="2">ddc</subfield>
    <subfield code="4">0</subfield>
    <subfield code="7">0</subfield>
    <subfield code="8">CI-D</subfield>
    <subfield code="a">BPMET</subfield>
    <subfield code="b">BPMET</subfield>
    <subfield code="d">2023-05-24</subfield>
    <subfield code="e">Ministerio de Cultura </subfield>
    <subfield code="l">0</subfield>
    <subfield code="o">BPMSU CDI 808.83 C965v 2013</subfield>
    <subfield code="p">BPMSU23050014</subfield>
    <subfield code="r">2023-05-24</subfield>
    <subfield code="t">v.2</subfield>
    <subfield code="w">2023-05-24</subfield>
    <subfield code="y">BK</subfield>
  </datafield>
  <datafield tag="952" ind1=" " ind2=" ">
    <subfield code="0">0</subfield>
    <subfield code="1">0</subfield>
    <subfield code="2">ddc</subfield>
    <subfield code="4">0</subfield>
    <subfield code="7">0</subfield>
    <subfield code="8">CI-D</subfield>
    <subfield code="a">BPMET</subfield>
    <subfield code="b">BPMET</subfield>
    <subfield code="d">2023-05-24</subfield>
    <subfield code="e">Ministerio de Cultura </subfield>
    <subfield code="o">BPMSU CDI 808.83 C965v 2013</subfield>
    <subfield code="p">BPMSU23050015</subfield>
    <subfield code="r">2023-05-24</subfield>
    <subfield code="t">v.3</subfield>
    <subfield code="w">2023-05-24</subfield>
    <subfield code="y">BK</subfield>
  </datafield>
  <datafield tag="952" ind1=" " ind2=" ">
    <subfield code="0">0</subfield>
    <subfield code="1">0</subfield>
    <subfield code="2">ddc</subfield>
    <subfield code="4">0</subfield>
    <subfield code="7">0</subfield>
    <subfield code="8">CI-D</subfield>
    <subfield code="a">BPMET</subfield>
    <subfield code="b">BPMET</subfield>
    <subfield code="d">2023-05-24</subfield>
    <subfield code="e">Ministerio de Cultura </subfield>
    <subfield code="l">0</subfield>
    <subfield code="o">BPMSU CDI 808.83 C965v 2013</subfield>
    <subfield code="p">BPMSU23050016</subfield>
    <subfield code="r">2023-05-24</subfield>
    <subfield code="t">e.4</subfield>
    <subfield code="w">2023-05-24</subfield>
    <subfield code="y">BK</subfield>
  </datafield>
  <datafield tag="999" ind1=" " ind2=" ">
    <subfield code="c">14393</subfield>
    <subfield code="d">14393</subfield>
  </datafield>
</record>
